Normal view MARC view
  • Shumaila Anjum

Entry Personal Name

Number of records used in: 1

001 - CONTROL NUMBER

  • control field: 70313

003 - CONTROL NUMBER IDENTIFIER

  • control field: NUST

005 - DATE AND TIME OF LATEST TRANSACTION

  • control field: 20210628204426.0

008 - FIXED-LENGTH DATA ELEMENTS

  • fixed length control field: 210628|| aca||aabn | a|a d

040 ## - CATALOGING SOURCE

  • Original cataloging agency: NUST
  • Transcribing agency: NUST

100 ## - HEADING--PERSONAL NAME

  • Personal name: Shumaila Anjum

670 ## - SOURCE DATA FOUND

  • Source citation: Work cat.: (NUST): Shumaila Anjum, TH-SOF-1439-Improving Software Maintenance by Applying Enhanced Tree Kernel Based Approach on Software Clone Detection Framework, 2017
© 2023 Central Library, National University of Sciences and Technology. All Rights Reserved.